000 00288nam a22001337a 4500
008 181106b xxu||||| |||| 00| 0 eng d
020 _a0916730506
041 _aeng
080 _a610.73
100 _a2
101 _aINF
245 _a1982 Drug Handbook
_cQuigley,E.J
942 _2udc
_cBK
999 _c51959
_d51959